[Event "LSS No Engine Cup 136 Preliminary 0"]
[Site "LSS email"]
[Date "2015.08.07"]
[Round "?"]
[White "Makushev, Igorj"]
[Black "Zmolil, Karel"]
[Result "1-0"]
[WhiteElo "1600"]
[BlackElo "1664"]
[PlyCount "47"]
[EventDate "2015.08.08"]
[EventType "tourn (corr)"]
[EventRounds "6"]
[EventCountry "GER"]
[SourceTitle "Corr 2022"]
[Source "ChessBase"]
[SourceDate "2021.10.24"]
[SourceVersion "1"]
[SourceVersionDate "2021.10.24"]
[SourceQuality "1"]

1. d4 Nf6 2. Nf3 d5 3. c4 e6 4. g3 c6 5. Qb3 Be7 6. Bg2 0-0 7. 0-0 Nbd7 8. Bf4 Nb6 9. Nbd2 Nbd7 10. Nb1 Nb6 11. c5 Nbd7 12. Qa4 Nh5 13. Be3 f5 14. b4 Ndf6 15. Nc3 Bd7 16. Qb3 a6 17. a4 Ne4 18. Ne5 Be8 19. Nxe4 fxe4 20. Bh3 Qc8 21. f3 exf3 22. Rxf3 Rxf3 23. exf3 Bd7 24. Re1 1-0

[Event "LSS No Engine Cup 136 Preliminary 0"]
[Site "LSS email"]
[Date "2015.08.07"]
[Round "?"]
[White "Vio, Mauro"]
[Black "Makushev, Igorj"]
[Result "0-1"]
[WhiteElo "1917"]
[BlackElo "1600"]
[PlyCount "54"]
[EventDate "2015.08.08"]
[EventType "tourn (corr)"]
[EventRounds "6"]
[EventCountry "GER"]
[SourceTitle "Corr 2022"]
[Source "ChessBase"]
[SourceDate "2021.10.24"]
[SourceVersion "1"]
[SourceVersionDate "2021.10.24"]
[SourceQuality "1"]

1. d4 d5 2. Nc3 Nf6 3. e3 c5 4. dxc5 e6 5. Bb5+ Nc6 6. Bxc6+ bxc6 7. Qd4 Qe7 8. b4 a5 9. Ba3 axb4 10. Bxb4 e5 11. Qd2 g6 12. Nge2 Bh6 13. 0-0 d4 14. Nd1 0-0 15. a3 Ba6 16. Re1 Rfd8 17. Qc1 dxe3 18. Nxe3 Ng4 19. h3 Nxe3 20. fxe3 Qh4 21. Nc3 f5 22. Qb2 Rd2 23. Ne4 Rxg2+ 24. Kxg2 Qxe4+ 25. Kh2 Bc4 26. c3 Bd5 27. Re2 Bxe3 0-1

[Event "RB-2015-0-00285"]
[Site "LSS email"]
[Date "2015.07.28"]
[Round "?"]
[White "Makushev, Igorj"]
[Black "Massie, James"]
[Result "1/2-1/2"]
[WhiteElo "1931"]
[BlackElo "2021"]
[PlyCount "45"]
[EventDate "2015.06.10"]
[EventType "tourn (corr)"]
[EventRounds "6"]
[EventCountry "GER"]
[SourceTitle "Corr 2022"]
[Source "ChessBase"]
[SourceDate "2021.10.24"]
[SourceVersion "1"]
[SourceVersionDate "2021.10.24"]
[SourceQuality "1"]

1. d4 Nf6 2. c4 c5 3. d5 g6 4. Nc3 d6 5. e4 Bg7 6. Be2 0-0 7. Bg5 e6 8. Qd2 exd5 9. exd5 Qb6 10. Nf3 Bf5 11. Nh4 Ne4 12. Nxe4 Bxe4 13. f3 h6 14. Bxh6 Bxh6 15. Qxh6 Qxb2 16. 0-0 Bc2 17. Rac1 Re8 18. Qd2 Qf6 19. g3 Ba4 20. f4 Nd7 21. Rf2 Re7 22. Bf1 Rae8 23. Qa5 1/2-1/2

[Event "RA-2015-0-00400"]
[Site "LSS email"]
[Date "2015.07.14"]
[Round "?"]
[White "Makushev, Igorj"]
[Black "Salzmann, Stefan"]
[Result "1/2-1/2"]
[WhiteElo "1947"]
[BlackElo "2335"]
[PlyCount "58"]
[EventDate "2015.07.02"]
[EventType "tourn (corr)"]
[EventRounds "6"]
[EventCountry "GER"]
[SourceTitle "Corr 2022"]
[Source "ChessBase"]
[SourceDate "2021.10.24"]
[SourceVersion "1"]
[SourceVersionDate "2021.10.24"]
[SourceQuality "1"]

1. e4 c5 2. Nf3 d6 3. d4 cxd4 4. Nxd4 Nf6 5. Nc3 a6 6. Be2 e5 7. Nb3 Be7 8. 0-0 0-0 9. Qd3 Be6 10. Be3 Nc6 11. a3 Nd7 12. Rad1 Rc8 13. Qd2 h6 14. Rfe1 Nf6 15. h3 Nb8 16. f4 Nbd7 17. f5 Bc4 18. Bf3 b5 19. g4 a5 20. Nxa5 Qxa5 21. Nd5 Qd8 22. Nxe7+ Qxe7 23. Qxd6 Qxd6 24. Rxd6 Nc5 25. Bxc5 Rxc5 26. b3 Bxb3 27. cxb3 Ra8 28. Re3 Rxa3 29. Rb6 Ra2 1/2-1/2

[Event "RA-2015-0-00400"]
[Site "LSS email"]
[Date "2015.07.13"]
[Round "?"]
[White "Makushev, Igorj"]
[Black "Willmann, Bernd"]
[Result "1-0"]
[WhiteElo "1947"]
[BlackElo "2262"]
[PlyCount "109"]
[EventDate "2015.07.02"]
[EventType "tourn (corr)"]
[EventRounds "6"]
[EventCountry "GER"]
[SourceTitle "Corr 2022"]
[Source "ChessBase"]
[SourceDate "2021.10.24"]
[SourceVersion "1"]
[SourceVersionDate "2021.10.24"]
[SourceQuality "1"]

1. e4 e5 2. Nf3 Nc6 3. Bb5 Nf6 4. 0-0 Nxe4 5. d4 Be7 6. Qe2 Nd6 7. Bxc6 bxc6 8. dxe5 Nf5 9. c4 0-0 10. Nc3 Re8 11. Bf4 d6 12. Rfe1 Be6 13. Rad1 d5 14. g4 Nh4 15. Nd4 Qc8 16. h3 Ng6 17. Bg3 dxc4 18. Nxc6 Qb7 19. Nxe7+ Nxe7 20. f4 Nd5 21. Qf3 c6 22. Ne4 Qxb2 23. f5 Bd7 24. Re2 Qb4 25. g5 Rf8 26. e6 fxe6 27. f6 Qb6+ 28. Bf2 Qa5 29. Bd4 Be8 30. Nd6 Bg6 31. Rf2 Qc7 32. Nxc4 Rad8 33. Rdf1 Qc8 34. Be5 Rf7 35. Nd6 Rxd6 36. Bxd6 gxf6 37. gxf6 Rxf6 38. Qa3 Rf5 39. Qxa7 Qd8 40. Be5 Nf6 41. Rxf5 Bxf5 42. Kh2 Qd2+ 43. Rf2 Qh6 44. Bxf6 Qxf6 45. Rg2+ Bg6 46. Qb8+ Kf7 47. Qc7+ Qe7 48. Qxe7+ Kxe7 49. a4 Kd6 50. Rb2 Kc7 51. Kg3 c5 52. Kf4 Bd3 53. Ke5 Kc6 54. a5 Bb5 55. h4 1-0

[Event "RA-2015-0-00400"]
[Site "LSS email"]
[Date "2015.07.13"]
[Round "?"]
[White "Rodrigues, Antonio"]
[Black "Makushev, Igorj"]
[Result "0-1"]
[WhiteElo "2145"]
[BlackElo "1947"]
[PlyCount "38"]
[EventDate "2015.07.02"]
[EventType "tourn (corr)"]
[EventRounds "6"]
[EventCountry "GER"]
[SourceTitle "Corr 2022"]
[Source "ChessBase"]
[SourceDate "2021.10.24"]
[SourceVersion "1"]
[SourceVersionDate "2021.10.24"]
[SourceQuality "1"]

1. d4 Nf6 2. c4 e6 3. Nf3 d5 4. Nc3 c6 5. e3 Nbd7 6. Qc2 Bd6 7. Be2 0-0 8. b3 b6 9. 0-0 Bb7 10. Bb2 Qe7 11. Rad1 Rad8 12. Rfe1 Rfe8 13. Bf1 e5 14. cxd5 e4 15. dxc6 exf3 16. cxb7 Bxh2+ 17. Kxh2 Qd6+ 18. g3 Ng4+ 19. Kh3 Qe6 0-1

[Event "RB-2015-0-00282"]
[Site "LSS email"]
[Date "2015.06.27"]
[Round "?"]
[White "Latib, Ali"]
[Black "Makushev, Igorj"]
[Result "1/2-1/2"]
[WhiteElo "2013"]
[BlackElo "1883"]
[PlyCount "39"]
[EventDate "2015.05.02"]
[EventType "tourn (corr)"]
[EventRounds "6"]
[EventCountry "GER"]
[SourceTitle "Corr 2022"]
[Source "ChessBase"]
[SourceDate "2021.10.24"]
[SourceVersion "1"]
[SourceVersionDate "2021.10.24"]
[SourceQuality "1"]

1. e4 e5 2. Nf3 Nc6 3. Bb5 Nf6 4. 0-0 Nxe4 5. d4 Nd6 6. Bxc6 dxc6 7. dxe5 Nf5 8. Qxd8+ Kxd8 9. Rd1+ Ke8 10. h3 h5 11. Nc3 Be7 12. Ne4 Be6 13. Nfg5 Bd5 14. b3 b5 15. Nc3 Rd8 16. Bf4 b4 17. Nxd5 Rxd5 18. Nf3 Rg8 19. g4 hxg4 20. hxg4 1/2-1/2

[Event "RB-2015-0-00281"]
[Site "LSS email"]
[Date "2015.06.11"]
[Round "?"]
[White "Hoehne, Volkmar"]
[Black "Makushev, Igorj"]
[Result "1/2-1/2"]
[WhiteElo "1886"]
[BlackElo "1887"]
[PlyCount "32"]
[EventDate "2015.04.17"]
[EventType "tourn (corr)"]
[EventRounds "6"]
[EventCountry "GER"]
[SourceTitle "Corr 2022"]
[Source "ChessBase"]
[SourceDate "2021.10.24"]
[SourceVersion "1"]
[SourceVersionDate "2021.10.24"]
[SourceQuality "1"]

1. e4 e5 2. Nf3 Nc6 3. Bb5 Nf6 4. 0-0 Nxe4 5. d4 Nd6 6. Bxc6 dxc6 7. dxe5 Nf5 8. Qxd8+ Kxd8 9. h3 Ke8 10. Nc3 h5 11. Bf4 Be7 12. Rad1 Be6 13. Ng5 Rh6 14. g3 Bxg5 15. Bxg5 Rg6 16. Bf4 Nh4 1/2-1/2

[Event "ZI-2015-0-01971"]
[Site "LSS email"]
[Date "2015.05.21"]
[Round "?"]
[White "Hynd, William"]
[Black "Makushev, Igorj"]
[Result "0-1"]
[WhiteElo "1621"]
[BlackElo "1890"]
[PlyCount "40"]
[EventDate "2015.05.12"]
[EventType "match (corr)"]
[EventRounds "2"]
[EventCountry "GER"]
[SourceTitle "Corr 2022"]
[Source "ChessBase"]
[SourceDate "2021.10.24"]
[SourceVersion "1"]
[SourceVersionDate "2021.10.24"]
[SourceQuality "1"]

1. e4 e5 2. Nf3 Nc6 3. d4 exd4 4. Bc4 Bc5 5. c3 Nf6 6. 0-0 Nxe4 7. cxd4 d5 8. Bb5 Bd6 9. Nc3 0-0 10. Bxc6 bxc6 11. Nxe4 dxe4 12. Nd2 f5 13. Nc4 f4 14. d5 Qg5 15. Nxd6 Bh3 16. g3 cxd6 17. Re1 cxd5 18. Kh1 Bg4 19. Qd4 Bf3+ 20. Kg1 Qf5 0-1

[Event "ZI-2015-0-01971"]
[Site "LSS email"]
[Date "2015.05.21"]
[Round "?"]
[White "Makushev, Igorj"]
[Black "Hynd, William"]
[Result "1-0"]
[WhiteElo "1890"]
[BlackElo "1621"]
[PlyCount "41"]
[EventDate "2015.05.12"]
[EventType "match (corr)"]
[EventRounds "2"]
[EventCountry "GER"]
[SourceTitle "Corr 2022"]
[Source "ChessBase"]
[SourceDate "2021.10.24"]
[SourceVersion "1"]
[SourceVersionDate "2021.10.24"]
[SourceQuality "1"]

1. e4 c6 2. d4 d5 3. e5 c5 4. dxc5 e6 5. Be3 Nh6 6. Nf3 Nf5 7. Bg5 Qc7 8. Nc3 Bxc5 9. Bd3 Nc6 10. Bxf5 exf5 11. Nxd5 Qa5+ 12. Qd2 0-0 13. Qxa5 Nxa5 14. Be7 Bxe7 15. Nxe7+ Kh8 16. Nxc8 Raxc8 17. 0-0-0 g6 18. Rd7 Kg8 19. Rhd1 Rfe8 20. R1d5 b6 21. Rxa7 1-0

[Event "RB-2015-0-00277"]
[Site "LSS email"]
[Date "2015.04.18"]
[Round "?"]
[White "Makushev, Igorj"]
[Black "Korchut, Adam"]
[Result "1-0"]
[WhiteElo "1872"]
[BlackElo "1829"]
[PlyCount "103"]
[EventDate "2015.02.16"]
[EventType "tourn (corr)"]
[EventRounds "6"]
[EventCountry "GER"]
[SourceTitle "Corr 2022"]
[Source "ChessBase"]
[SourceDate "2021.10.24"]
[SourceVersion "1"]
[SourceVersionDate "2021.10.24"]
[SourceQuality "1"]

1. e4 e5 2. Nf3 Nc6 3. Bb5 a6 4. Ba4 Nf6 5. 0-0 Be7 6. Re1 b5 7. Bb3 d6 8. c3 0-0 9. h3 Na5 10. Bc2 c5 11. d4 Qc7 12. d5 Bd7 13. b3 Nb7 14. c4 Rfe8 15. Bd3 Na5 16. Bd2 Rab8 17. Na3 g6 18. Qc1 Rec8 19. Nc2 bxc4 20. bxc4 Rb7 21. Qa3 Bd8 22. Rab1 Rcb8 23. Rxb7 Rxb7 24. Ne3 Rb8 25. Bc3 Kg7 26. Qc1 Bc8 27. Nxe5 dxe5 28. Qa1 Nd7 29. Ng4 f6 30. f4 h5 31. fxe5 hxg4 32. exf6+ Nxf6 33. e5 Nh7 34. d6 Qb7 35. e6+ Bf6 36. hxg4 Qb6 37. Bxf6+ Nxf6 38. g5 Qb2 39. Qxb2 Rxb2 40. gxf6+ Kxf6 41. d7 Bxd7 42. exd7 Nb7 43. Be4 Nd8 44. Bd5 Rxa2 45. Re8 a5 46. Rxd8 Ke7 47. Rg8 Kxd7 48. Rxg6 a4 49. Ra6 a3 50. g4 Ke7 51. g5 Kf8 52. g6 1-0

[Event "RB-2015-0-00277"]
[Site "LSS email"]
[Date "2015.04.18"]
[Round "?"]
[White "Makushev, Igorj"]
[Black "Ramirez, Mario"]
[Result "1/2-1/2"]
[WhiteElo "1872"]
[BlackElo "1810"]
[PlyCount "66"]
[EventDate "2015.02.16"]
[EventType "tourn (corr)"]
[EventRounds "6"]
[EventCountry "GER"]
[SourceTitle "Corr 2022"]
[Source "ChessBase"]
[SourceDate "2021.10.24"]
[SourceVersion "1"]
[SourceVersionDate "2021.10.24"]
[SourceQuality "1"]

1. e4 c5 2. Nf3 Nc6 3. d4 cxd4 4. Nxd4 Nf6 5. Nc3 e6 6. Ndb5 d6 7. Bf4 e5 8. Bg5 a6 9. Na3 b5 10. Nd5 Be7 11. Bxf6 Bxf6 12. c4 b4 13. Nc2 a5 14. g3 0-0 15. Bg2 Bg5 16. 0-0 Ne7 17. Nce3 Bxe3 18. Nxe3 Be6 19. Qd3 Qc7 20. Rad1 Rfd8 21. b3 Nc6 22. Nc2 a4 23. f4 Qb6+ 24. Kh1 f6 25. Rb1 Nb8 26. f5 Bf7 27. Qd2 Nc6 28. Rb2 Ra7 29. Bf3 Rda8 30. Kg2 axb3 31. axb3 Ra2 32. Rfb1 Qc5 33. h4 R8a7 1/2-1/2

[Event "RC-2015-0-00166"]
[Site "LSS email"]
[Date "2015.01.27"]
[Round "?"]
[White "Owens, Johnny"]
[Black "Makushev, Igorj"]
[Result "1/2-1/2"]
[WhiteElo "1810"]
[BlackElo "1780"]
[PlyCount "76"]
[EventDate "2014.11.25"]
[EventType "tourn (corr)"]
[EventRounds "6"]
[EventCountry "GER"]
[SourceTitle "Corr 2022"]
[Source "ChessBase"]
[SourceDate "2021.10.24"]
[SourceVersion "1"]
[SourceVersionDate "2021.10.24"]
[SourceQuality "1"]

1. d4 e6 2. Nf3 Nf6 3. Bg5 c5 4. e3 Be7 5. Nbd2 cxd4 6. exd4 b6 7. h3 Bb7 8. Bf4 0-0 9. Bd3 Ba6 10. Bxa6 Nxa6 11. c3 Qc8 12. 0-0 Qb7 13. Qb3 Nb8 14. a4 Nc6 15. a5 b5 16. Qc2 a6 17. Ng5 b4 18. Ngf3 d5 19. Qd3 Rac8 20. Rfc1 bxc3 21. bxc3 Na7 22. Ne5 Nb5 23. Rab1 Rfd8 24. Bg5 Nd7 25. Be3 h6 26. Nb3 Ba3 27. Nxd7 Qxd7 28. Nc5 Qe7 29. Re1 Bxc5 30. dxc5 d4 31. cxd4 Rxc5 32. Qe2 Rcd5 33. Rec1 Qd6 34. Qe1 Ra8 35. Qb4 Nxd4 36. Bxd4 Rxd4 37. Qxd6 Rxd6 38. Rd1 Rxd1+ 1/2-1/2

[Event "OP-2014-0-03590"]
[Site "LSS email"]
[Date "2014.12.20"]
[Round "?"]
[White "Brueckner, Helmut"]
[Black "Makushev, Igorj"]
[Result "1/2-1/2"]
[WhiteElo "1363"]
[BlackElo "1819"]
[PlyCount "52"]
[EventDate "2014.12.15"]
[EventType "tourn (corr)"]
[EventRounds "4"]
[EventCountry "GER"]
[SourceTitle "Corr 2022"]
[Source "ChessBase"]
[SourceDate "2021.10.24"]
[SourceVersion "1"]
[SourceVersionDate "2021.10.24"]
[SourceQuality "1"]

1. e4 e6 2. d4 d5 3. Nc3 Nf6 4. e5 Nfd7 5. f4 c5 6. Nf3 Nc6 7. Be3 cxd4 8. Nxd4 Bc5 9. Qd2 0-0 10. 0-0-0 a6 11. Kb1 Nxd4 12. Bxd4 b5 13. Qe3 Qb6 14. Ne2 b4 15. g4 a5 16. f5 Ba6 17. Bxc5 Qxc5 18. Nd4 a4 19. g5 Bxf1 20. Rhxf1 a3 21. fxe6 fxe6 22. Rxf8+ Nxf8 23. b3 Rc8 24. h4 Qc3 25. Qxc3 Rxc3 26. Rd3 Rxd3 1/2-1/2

[Event "OP-2014-0-03590"]
[Site "LSS email"]
[Date "2014.12.20"]
[Round "?"]
[White "Correa de Almeida, Claudio"]
[Black "Makushev, Igorj"]
[Result "1/2-1/2"]
[WhiteElo "1504"]
[BlackElo "1819"]
[PlyCount "62"]
[EventDate "2014.12.15"]
[EventType "tourn (corr)"]
[EventRounds "4"]
[EventCountry "GER"]
[SourceTitle "Corr 2022"]
[Source "ChessBase"]
[SourceDate "2021.10.24"]
[SourceVersion "1"]
[SourceVersionDate "2021.10.24"]
[SourceQuality "1"]

1. d4 e6 2. e4 d5 3. Nd2 c5 4. exd5 Qxd5 5. Ngf3 cxd4 6. Bc4 Qd6 7. 0-0 Nf6 8. Nb3 Nc6 9. Nbxd4 Nxd4 10. Nxd4 a6 11. a4 Qc7 12. Qe2 Bd6 13. h3 Bd7 14. Rd1 0-0 15. Bg5 Bh2+ 16. Kh1 Bf4 17. Bxf4 Qxf4 18. Qf3 Qc7 19. b3 Rac8 20. Qe3 Rfe8 21. c3 Qc5 22. Qf3 b5 23. axb5 axb5 24. Bf1 Qxc3 25. Qxc3 Rxc3 26. b4 g6 27. Bxb5 Bxb5 28. Nxb5 Rc2 29. Nd6 Rd8 30. b5 Rb2 31. Kh2 Nd5 1/2-1/2

[Event "OP-2014-0-03590"]
[Site "LSS email"]
[Date "2014.12.20"]
[Round "?"]
[White "Makushev, Igorj"]
[Black "Krause, Peter"]
[Result "1-0"]
[WhiteElo "1819"]
[BlackElo "2410"]
[PlyCount "233"]
[EventDate "2014.12.15"]
[EventType "tourn (corr)"]
[EventRounds "4"]
[EventCountry "GER"]
[SourceTitle "Corr 2022"]
[Source "ChessBase"]
[SourceDate "2021.10.24"]
[SourceVersion "1"]
[SourceVersionDate "2021.10.24"]
[SourceQuality "1"]

1. e4 c5 2. Nf3 d6 3. d4 cxd4 4. Nxd4 Nf6 5. Nc3 a6 6. Bg5 e6 7. Qf3 Nbd7 8. Be2 Qc7 9. a4 b6 10. 0-0 Bb7 11. Qg3 h6 12. Bd2 g5 13. f3 Nh5 14. Qf2 Bg7 15. g3 0-0 16. Rad1 Nhf6 17. Be3 Rac8 18. g4 Nh7 19. h4 Rfe8 20. Qh2 Be5 21. Qh3 Kg7 22. hxg5 hxg5 23. f4 gxf4 24. Bxf4 Bxf4 25. Rxf4 Ne5 26. g5 Nxg5 27. Qg3 f6 28. Rdf1 Kh8 29. R1f2 Rg8 30. Kf1 Rg6 31. Rh4+ Kg7 32. Rfh2 Qc5 33. Qf2 Re8 34. Bh5 b5 35. Bxg6 Nxg6 36. Rg4 bxa4 37. Qd2 a3 38. bxa3 a5 39. Nf3 Rf8 40. Kg2 Nf7 41. Ne2 f5 42. Nf4 fxg4 43. Nxe6+ Kg8 44. Nxc5 gxf3+ 45. Kxf3 dxc5 46. Qxa5 Nfe5+ 47. Ke2 Bxe4 48. Qxc5 Rf6 49. Qc3 Rf3 50. Qc8+ Rf8 51. Qc7 Rf7 52. Qc8+ Rf8 53. Qe6+ Kg7 54. Qb6 Bf3+ 55. Ke1 Bg4 56. Rf2 Re8 57. Kf1 Bh3+ 58. Kg1 Bd7 59. Qb4 Bc6 60. Qd4 Kh6 61. Qc3 Bd7 62. Qd2+ Kg7 63. Qd4 Re6 64. Kf1 Ra6 65. Rg2 Rf6+ 66. Ke2 Kh7 67. Rg3 Rf4 68. Qa7 Ra4 69. Qb7 Kh6 70. Kd1 Bf5 71. Qb5 Re4 72. Qc5 Rf4 73. Kc1 Be6 74. Rg1 Bf5 75. Qc7 Bg4 76. Rh1+ Kg5 77. Qd8+ Kf5 78. Rg1 Rc4 79. Kb2 Ke6 80. Re1 Bf5 81. Re2 Bg4 82. Rd2 Kf7 83. Rf2+ Kg7 84. Qf6+ Kg8 85. Rf1 Rc6 86. Qd8+ Kg7 87. a4 Be2 88. Rf5 Bc4 89. Qd4 Re6 90. a5 Kh6 91. Qf2 Kg7 92. Rg5 Ba6 93. Rg2 Re7 94. Qc5 Re6 95. Qa7+ Kh6 96. Kb1 Bb5 97. Rh2+ Kg5 98. Qf2 Bd7 99. Rg2+ Kh6 100. Qg3 Kg7 101. a6 Bc6 102. a7 Ba8 103. Qg5 Bb7 104. Rg3 Kf7 105. Qd8 Be4 106. a8Q Bxa8 107. Qxa8 Rb6+ 108. Ka2 Rc6 109. Qa7+ Ke6 110. Qe3 Kf7 111. Kb3 Re6 112. c4 Ne7 113. c5 Ke8 114. Qe4 N5c6 115. Rg8+ Nxg8 116. Qxe6+ Nge7 117. Ka4 1-0

[Event "RC-2014-0-00164"]
[Site "LSS email"]
[Date "2014.12.19"]
[Round "?"]
[White "Reede, Arvo"]
[Black "Makushev, Igorj"]
[Result "1/2-1/2"]
[WhiteElo "1766"]
[BlackElo "1769"]
[PlyCount "34"]
[EventDate "2014.11.08"]
[EventType "tourn (corr)"]
[EventRounds "6"]
[EventCountry "GER"]
[SourceTitle "Corr 2022"]
[Source "ChessBase"]
[SourceDate "2021.10.24"]
[SourceVersion "1"]
[SourceVersionDate "2021.10.24"]
[SourceQuality "1"]

1. c4 e5 2. Nc3 Nf6 3. Nf3 Nc6 4. e4 Bb4 5. d3 d6 6. Be2 0-0 7. 0-0 Bc5 8. Rb1 h6 9. Be3 Re8 10. h3 b6 11. Qd2 a5 12. Bd1 Bd7 13. a3 Nh7 14. Bc2 Nf8 15. Nb5 Na7 16. Nc3 Nc6 17. Nb5 Na7 1/2-1/2

[Event "RC-2014-0-00164"]
[Site "LSS email"]
[Date "2014.12.18"]
[Round "?"]
[White "Makushev, Igorj"]
[Black "Celan, Melissa"]
[Result "1/2-1/2"]
[WhiteElo "1769"]
[BlackElo "1813"]
[PlyCount "47"]
[EventDate "2014.11.08"]
[EventType "tourn (corr)"]
[EventRounds "6"]
[EventCountry "GER"]
[SourceTitle "Corr 2022"]
[Source "ChessBase"]
[SourceDate "2021.10.24"]
[SourceVersion "1"]
[SourceVersionDate "2021.10.24"]
[SourceQuality "1"]

1. e4 e6 2. d4 c5 3. d5 exd5 4. exd5 d6 5. Nf3 Be7 6. Nc3 Nf6 7. Bb5+ Bd7 8. a4 0-0 9. 0-0 h6 10. Re1 Na6 11. Bxa6 bxa6 12. Nd2 Bf5 13. Nc4 Re8 14. Bf4 Qd7 15. f3 Bf8 16. Qd2 g5 17. Be3 Kh7 18. h3 Bg6 19. Rad1 Bg7 20. g4 Ng8 21. Bf2 f5 22. Rxe8 Rxe8 23. gxf5 Qxf5 24. Nxd6 1/2-1/2

[Event "ZI-2014-0-01911"]
[Site "LSS email"]
[Date "2014.12.10"]
[Round "?"]
[White "Makushev, Igorj"]
[Black "Reede, Arvo"]
[Result "1/2-1/2"]
[WhiteElo "1708"]
[BlackElo "1706"]
[PlyCount "101"]
[EventDate "2014.12.02"]
[EventType "match (corr)"]
[EventRounds "2"]
[EventCountry "GER"]
[SourceTitle "Corr 2015"]
[Source "ChessBase"]
[SourceDate "2015.07.17"]
[SourceVersion "1"]
[SourceVersionDate "2015.07.17"]
[SourceQuality "1"]

1. e4 e5 2. Nf3 Nc6 3. Bb5 a6 4. Ba4 Nf6 5. 0-0 Be7 6. Re1 b5 7. Bb3 d6 8. c3 0-0 9. h3 Na5 10. Bc2 c5 11. d4 cxd4 12. cxd4 Bb7 13. d5 Rc8 14. Nbd2 Nd7 15. Nf1 f5 16. exf5 Nc4 17. a4 b4 18. Ne3 Kh8 19. Nxc4 Rxc4 20. Be3 Rc8 21. Qd3 Qa5 22. Bb3 Nc5 23. Bxc5 Rxc5 24. Rec1 Rc7 25. Rxc7 Qxc7 26. a5 Bc8 27. g4 h5 28. Kg2 Qd7 29. Rc1 Bb7 30. Qe4 Bd8 31. Qxb4 Qe7 32. Nd2 g6 33. fxg6 hxg4 34. hxg4 Rf4 35. Rh1+ Kg8 36. Ne4 Rxg4+ 37. Kf1 Rxg6 38. Nxd6 Ba8 39. Qb8 Rxd6 40. Qxa8 Qc7 41. Rg1+ Kf8 42. Rg3 e4 43. Bd1 Qc1 44. Ke1 Qxb2 45. Bb3 Qa1+ 46. Ke2 Qxa5 47. Qb7 Qb5+ 48. Qxb5 axb5 49. Re3 Bb6 50. Rxe4 Bc5 51. f3 1/2-1/2

[Event "SC-2014-0-00246"]
[Site "LSS email"]
[Date "2014.11.27"]
[Round "?"]
[White "Makushev, Igorj"]
[Black "Celan, Melissa"]
[Result "1/2-1/2"]
[WhiteElo "1764"]
[BlackElo "1805"]
[PlyCount "75"]
[EventDate "2014.11.05"]
[EventType "tourn (corr)"]
[EventRounds "6"]
[EventCountry "GER"]
[SourceTitle "Corr 2022"]
[Source "ChessBase"]
[SourceDate "2021.10.24"]
[SourceVersion "1"]
[SourceVersionDate "2021.10.24"]
[SourceQuality "1"]

1. e4 e6 2. d4 d5 3. Nc3 dxe4 4. Nxe4 Bd7 5. Nf3 Bc6 6. Bd3 Nd7 7. 0-0 Bxe4 8. Bxe4 c6 9. c4 Ngf6 10. Bc2 Bd6 11. Bd2 Qc7 12. Qe2 0-0 13. g3 c5 14. Rad1 cxd4 15. Nxd4 a6 16. b4 Be5 17. Nf3 a5 18. Rfe1 Bd6 19. a3 axb4 20. axb4 Nb6 21. c5 Nbd5 22. Nd4 Be7 23. Bb3 Rad8 24. Nxe6 fxe6 25. Qxe6+ Kh8 26. Bg5 Bxc5 27. bxc5 Qxc5 28. Rc1 Qa7 29. Bxd5 Nxd5 30. Rf1 Nf6 31. Bxf6 Rxf6 32. Qe7 Qd4 33. Qxb7 Qg4 34. Rc2 Re8 35. Rd2 h6 36. Ra1 Rff8 37. Kg2 Rb8 38. Qd5 1/2-1/2

[Event "RC-2014-0-00162"]
[Site "LSS email"]
[Date "2014.11.24"]
[Round "?"]
[White "Le Duigou, Jean Guy"]
[Black "Makushev, Igorj"]
[Result "1-0"]
[WhiteElo "1573"]
[BlackElo "1742"]
[PlyCount "41"]
[EventDate "2014.09.24"]
[EventType "tourn (corr)"]
[EventRounds "6"]
[EventCountry "GER"]
[SourceTitle "Corr 2015"]
[Source "ChessBase"]
[SourceDate "2015.07.17"]
[SourceVersion "1"]
[SourceVersionDate "2015.07.17"]
[SourceQuality "1"]

1. d4 Nf6 2. Nf3 e6 3. c4 d5 4. Nc3 c6 5. e3 Nbd7 6. Bd3 dxc4 7. Bxc4 b5 8. Bd3 Bb7 9. e4 b4 10. Na4 c5 11. e5 Nd5 12. Nxc5 Nxc5 13. dxc5 Bxc5 14. 0-0 h6 15. Bd2 0-0 16. Qe2 Ne7 17. Be4 Qb6 18. Bxb7 Qxb7 19. Rac1 Rac8 20. Be3 a5 21. Bxc5 1-0

[Event "RC-2014-0-00160"]
[Site "LSS email"]
[Date "2014.11.09"]
[Round "?"]
[White "Korinek, Jaroslav"]
[Black "Makushev, Igorj"]
[Result "1/2-1/2"]
[WhiteElo "1745"]
[BlackElo "1765"]
[PlyCount "74"]
[EventDate "2014.08.16"]
[EventType "tourn (corr)"]
[EventRounds "6"]
[EventCountry "GER"]
[SourceTitle "Corr 2022"]
[Source "ChessBase"]
[SourceDate "2021.10.24"]
[SourceVersion "1"]
[SourceVersionDate "2021.10.24"]
[SourceQuality "1"]

1. d4 Nf6 2. Nf3 e6 3. c4 d5 4. Nc3 c6 5. e3 Nbd7 6. Qc2 Bd6 7. Bd3 dxc4 8. Bxc4 b5 9. Be2 0-0 10. 0-0 Bb7 11. e4 e5 12. Rd1 Qc7 13. g3 Rfe8 14. dxe5 Nxe5 15. Bg5 b4 16. Nxe5 Rxe5 17. Bxf6 gxf6 18. Nb1 Bf8 19. Nd2 Rae8 20. Rac1 c5 21. f3 Rg5 22. Bb5 Re7 23. Bf1 h5 24. Kh1 h4 25. gxh4 Rg7 26. Bh3 Re8 27. Rg1 Rd8 28. Rxg7+ Bxg7 29. Nb3 Qf4 30. Rg1 Qxf3+ 31. Bg2 Qf4 32. Nxc5 Ba8 33. Nd7 f5 34. exf5 Rxd7 35. Qc8+ Kh7 36. Qxd7 Bxg2+ 37. Kxg2 Qg4+ 1/2-1/2